00718cam a2200217 a 4500003000400000005001700004008004100021020001500062040000800077050002200085060002100107245009300128260004400221300003300265504003900298650004000337650003100377650003800408700002400446700003000470OSt20220323055752.0831222s1984 mdua b 101 0 eng  a0683067540 cDLC00aRC86.7b.M33 1984 aWX 218 M234 198300aMajor issues in critical care medicine /ceditors, Joseph E. Parrillo, Stephen M. Ayres. aBaltimore :bWilliam & Wilkins,cc1984. axx, 297 p. :bill. ;c27 cm. aIncludes bibliographies and index. 0aCritical care medicinexCongresses. 2aCritical carexCongresses. 2aIntensive care unitsxCongresses.1 aParrillo, Joseph E.1 aAyres, Stephen M.,d1929-